[Event "Eastpointe (EDO/4/11)"]
[Site "?"]
[Date "1994.??.??"]
[Round "?"]
[White "Sattler, Peter"]
[Black "Selitsky, B."]
[Result "1/2-1/2"]
[WhiteElo "1765"]
[BlackElo "1900"]
[PlyCount "49"]
[EventDate "1994.??.??"]

{4/(11)} 1. e4 c5 2. Nf3 Nc6 3. d4 cxd4 4. Nxd4 Nf6 5. Nc3 e5 6. Nf3 Bb4 7. Bd3
d5 8. Nd2 O-O 9. O-O Be6 10. exd5 Nxd5 11. Nxd5 Bxd5 12. Ne4 Bxe4 13. Bxe4 Qc8
14. Be3 f5 15. Bd5+ Kh8 16. c3 Be7 17. Qc2 e4 18. Rfd1 Ne5 19. Bd4 Bf6 20. Bb3
Qe8 21. Bc5 Qh5 22. Bxf8 Rxf8 23. f4 Nd3 24. Rxd3 exd3 25. Qxd3 {[Remainder
illegible; 1/2-1/2, 43?]} 1/2-1/2

[Event "Detroit (MOR/5/19)"]
[Site "?"]
[Date "1994.??.??"]
[Round "?"]
[White "Sattler, Peter"]
[Black "Koernke, R."]
[Result "1-0"]
[WhiteElo "1785"]
[BlackElo "1605"]
[PlyCount "85"]
[EventDate "1994.??.??"]

{5/(19)} 1. e4 c6 2. Nf3 d5 3. exd5 cxd5 4. d4 Bf5 5. Nc3 a6 6. Bd3 Bg6 7. Ne5
e6 8. Qf3 Qf6 9. Qxf6 Nxf6 10. Nxg6 hxg6 11. O-O Nc6 12. Be3 Bd6 13. h3 O-O-O
14. Ne2 Rh5 15. c3 g5 16. Ng3 Bxg3 17. fxg3 g4 18. h4 Rf8 19. Be2 e5 20. Rxf6
Rhh8 21. Bxg4+ Kb8 22. Rd6 f5 23. Bf3 e4 24. Be2 Rd8 25. Rxd8+ Rxd8 26. Bf4+
Ka7 27. b4 Rc8 28. a4 Ne7 29. Rc1 b6 30. c4 dxc4 31. Rxc4 Rxc4 32. Bxc4 Nc6 33.
b5 axb5 34. Bxb5 Nxd4 35. Be5 Nc2 36. Bxg7 e3 37. Kf1 Na3 38. Bd3 Kb7 39. h5
Kc7 40. h6 Kd6 41. h7 Kc5 42. h8=Q e2+ 43. Kxe2 1-0

[Event "Detroit (MCO/B/1a/5)"]
[Site "?"]
[Date "1994.??.??"]
[Round "?"]
[White "Sattler, Peter"]
[Black "Jointer, William"]
[Result "1/2-1/2"]
[WhiteElo "1735"]
[BlackElo "1700"]
[PlyCount "126"]
[EventDate "1994.??.??"]

1. e4 g6 2. d4 Bg7 3. Nf3 d6 4. Nc3 Nf6 5. Be2 O-O 6. O-O c6 7. Bg5 b5 8. a3
Nbd7 9. e5 Ne8 10. d5 Nxe5 11. Nxe5 Bxe5 12. dxc6 Nc7 13. Nd5 Re8 14. c3 a6 15.
Re1 Be6 16. Nxc7 Qxc7 17. Bf3 Rad8 18. Bd5 Bxd5 19. Qxd5 Bg7 20. Rad1 h6 21.
Bh4 Rc8 22. h3 Qxc6 23. Qxc6 Rxc6 24. Rxe7 Rxe7 25. Bxe7 Be5 26. g3 f5 27. f4
Kf7 28. Bd8 Bf6 29. Ba5 Ke6 30. Kf2 Rc4 31. Bb4 d5 32. Re1+ Re4 33. Rxe4+ fxe4
34. Ke3 h5 35. g4 hxg4 36. hxg4 g5 37. f5+ Ke5 38. Bc5 Bd8 39. b4 Bc7 40. Bd4+
Kd6 41. Bf6 Bb6+ 42. Ke2 a5 43. Bxg5 axb4 44. cxb4 Ke5 45. Be7 d4 46. f6 d3+
47. Kd2 Ke6 48. g5 Kf7 49. Bc5 Bc7 50. Be3 Be5 51. Kc1 Bc3 52. Kb1 Kg6 53. Kc1
Kf7 54. Kb1 Be1 55. Kc1 Bh4 56. Kd2 Ke6 57. Kc3 Bg3 58. Kd4 Be1 59. Kxe4 d2 60.
Bxd2 Bxd2 61. Kd4 Bc1 62. Kc5 Bxa3 63. Kxb5 Bc1 1/2-1/2

[Event "Detroit (MOR/2/2)"]
[Site "?"]
[Date "1994.??.??"]
[Round "?"]
[White "Sattler, Peter"]
[Black "Griffin, John"]
[Result "1/2-1/2"]
[WhiteElo "1785"]
[BlackElo "1605"]
[PlyCount "49"]
[EventDate "1994.??.??"]

{2/(2)} 1. e4 c5 2. Nf3 Nc6 3. d4 cxd4 4. Nxd4 Nf6 5. Nc3 e5 6. Nf5 d5 7. Nxd5
Nxd5 8. exd5 Bxf5 9. dxc6 Qxd1+ 10. Kxd1 bxc6 11. Bc4 Rd8+ 12. Bd2 Bb4 13. c3
Bc5 14. Ke2 Bxf2 15. Rhf1 Bg4+ 16. Kxf2 Rxd2+ 17. Ke3 Rd7 18. h3 Be6 19. Bxe6
fxe6 20. Rf2 Rf8 21. Raf1 Rxf2 22. Rxf2 Rd1 23. Re2 Ke7 24. b3 c5 25. Ke4
1/2-1/2

[Event "Detroit (MCO/B/4/4)"]
[Site "?"]
[Date "1994.??.??"]
[Round "?"]
[White "Sattler, Peter"]
[Black "Blake, J."]
[Result "0-1"]
[WhiteElo "1735"]
[BlackElo "1720"]
[PlyCount "110"]
[EventDate "1994.??.??"]

{4/(4)} 1. e4 c5 2. Nf3 d6 3. d4 cxd4 4. Nxd4 Nf6 5. Nc3 a6 6. Be3 e5 7. Nb3 b5
8. f3 Be6 9. Qd2 d5 10. exd5 Nxd5 11. Nxd5 Qxd5 12. O-O-O Qxd2+ 13. Rxd2 Nd7
14. Be2 Nf6 15. Rhd1 Rc8 16. Kb1 Bb4 17. c3 Be7 18. Bc5 Bxb3 19. Bxe7 Bxd1 20.
Bxf6 gxf6 21. Rxd1 Rd8 22. Rxd8+ Kxd8 23. Bd3 h6 24. Be4 Kc7 25. b4 Rd8 26. Kc2
Kb6 27. a3 a5 28. g3 Rd7 29. Bf5 Rc7 30. Kb2 Ra7 31. Be4 Rd7 32. Kc2 Rc7 33.
Kb2 axb4 34. axb4 Ra7 35. g4 Rd7 36. Kc2 Rd8 37. h4 h5 38. Bf5 Rh8 39. Kd3 hxg4
40. Bxg4 Rxh4 41. Ke4 Kc6 42. Kf5 Kd6 43. Kxf6 e4 44. Kg5 Rxg4+ 45. Kxg4 exf3
46. Kxf3 Kd5 47. Ke3 Kc4 48. Kd2 f5 49. Kc2 f4 50. Kd2 f3 51. Ke3 Kxc3 52. Kxf3
Kxb4 53. Ke2 Kc3 54. Kd1 Kb2 55. Kd2 b4 0-1

[Event "Romulus (RVO/3/14)"]
[Site "?"]
[Date "1994.??.??"]
[Round "?"]
[White "Santiago, Reynaldo"]
[Black "West, Tony"]
[Result "1-0"]
[WhiteElo "1995"]
[BlackElo "1605"]
[PlyCount "73"]
[EventDate "1994.??.??"]

{3/(14)} 1. e4 c5 2. Nf3 Nc6 3. d4 cxd4 4. Nxd4 Nf6 5. Nc3 e5 6. Nde2 Bb4 7. a3
Ba5 8. b4 Bb6 9. Bg5 O-O 10. Qd3 Bxf2+ 11. Kd1 h6 12. h4 d6 13. Nd5 hxg5 14.
hxg5 Nxd5 15. exd5 g6 16. dxc6 Qxg5 17. Qf3 Bd4 18. c3 Bg4 19. Qd3 Bxe2+ 20.
Bxe2 Bb6 21. Qh3 Kg7 22. cxb7 Rab8 23. Qh7+ Kf6 24. Rf1+ Ke7 25. Bf3 Rh8 26.
Qg7 Rbg8 27. b8=Q Rxb8 28. Bd5 Qg4+ 29. Kd2 Qg5+ 30. Kc2 Rhf8 31. Rxf7+ Rxf7
32. Qxf7+ Kd8 33. Rf1 Qe7 34. Qxg6 Be3 35. Rf7 Qe8 36. Qf6+ Kc8 37. Be6+ 1-0

[Event "Detroit (MCO/A/6/2)"]
[Site "?"]
[Date "1994.??.??"]
[Round "?"]
[White "Santiago, Reynaldo"]
[Black "Smith, Walt"]
[Result "0-1"]
[WhiteElo "1995"]
[BlackElo "1925"]
[PlyCount "112"]
[EventDate "1994.??.??"]

{6/(2)} 1. e4 c5 2. Nf3 Nc6 3. d4 cxd4 4. Nxd4 Nf6 5. Nc3 g6 6. Bc4 Qb6 7. Nb3
Bg7 8. O-O O-O 9. Be3 Qc7 10. f4 d6 11. h3 Be6 12. Be2 a6 13. Bf3 Rac8 14. Nd5
Bxd5 15. exd5 Na5 16. Nxa5 Qxa5 17. c3 b5 18. Qd2 Rc4 19. Bd4 Ne4 20. Bxe4
Bxd4+ 21. Kh1 Bxc3 22. Qe2 Bf6 23. f5 Qb4 24. Bd3 Rf4 25. Rxf4 Qxf4 26. Rf1 Qd4
27. fxg6 hxg6 28. a4 bxa4 29. Bxa6 Rb8 30. Rb1 Be5 31. Bc4 Rb4 32. Ba2 Qf4 33.
g4 Rd4 34. Rf1 Qg3 35. Qg2 Qe3 36. Qf3 Qxf3+ 37. Rxf3 Rd1+ 38. Kg2 Bxb2 39. Rf2
a3 40. Re2 Kf8 41. Kf2 Rd3 42. Kg2 Be5 43. Bc4 Rg3+ 44. Kf1 Rxh3 45. Rg2 Bd4
46. Ke2 Rc3 47. Ba2 Rc2+ 48. Kf3 Rxa2 49. Rxa2 Bb2 50. Ke4 e6 51. g5 Ke7 52.
dxe6 fxe6 53. Kd3 d5 54. Ke3 e5 55. Kd3 e4+ 56. Ke3 Kd6 0-1

[Event "Ann Arbor (HVA/4/1)"]
[Site "?"]
[Date "1994.??.??"]
[Round "?"]
[White "Santiago, Reynaldo"]
[Black "Skidmore, Mike"]
[Result "1/2-1/2"]
[WhiteElo "1995"]
[BlackElo "1900"]
[PlyCount "111"]
[EventDate "1994.??.??"]

{4/(1)} 1. e4 c6 2. d4 d5 3. Nd2 dxe4 4. Nxe4 Nd7 5. Bc4 Ndf6 6. Ng5 e6 7. N1f3
Bd6 8. Qe2 Nd5 9. Ne5 Bxe5 10. dxe5 Nge7 11. O-O Ng6 12. g3 h6 13. Nf3 Qc7 14.
a4 b6 15. Re1 Bb7 16. b3 O-O 17. Bb2 c5 18. Rad1 Rad8 19. Bd3 Nb4 20. Be4 Bxe4
21. Qxe4 Rxd1 22. Rxd1 Rd8 23. Rxd8+ Qxd8 24. Qe2 Qd5 25. Ne1 Nc6 26. f4 Nd4
27. Qg2 Nf5 28. Qxd5 exd5 29. Kf2 d4 30. Bc1 Nfe7 31. Nf3 Nd5 32. Bd2 Nge7 33.
g4 Nc6 34. Ne1 Kf8 35. Kf3 Ke7 36. Ke4 Nc3+ 37. Bxc3 dxc3 38. Kd3 Nd4 39. Ng2
Nf3 40. h3 g5 41. Kxc3 gxf4 42. Nxf4 Nxe5 43. Kd2 Kf6 44. Ke3 Nc6 45. c3 Na5
46. b4 Nc4+ 47. Ke4 cxb4 48. cxb4 Nb2 49. a5 bxa5 50. bxa5 Kg5 51. Ng2 Kf6 52.
Kd4 Ke6 53. Kc5 Kd7 54. Nf4 Nd1 55. Kb5 Kc7 56. Nd5+ 1/2-1/2

[Event "Romulus (RVO/5/8)"]
[Site "?"]
[Date "1994.??.??"]
[Round "?"]
[White "Santiago, Reynaldo"]
[Black "Randel, D."]
[Result "1/2-1/2"]
[WhiteElo "1995"]
[BlackElo "1745"]
[PlyCount "125"]
[EventDate "1994.??.??"]

{5/(8)} 1. e4 c5 2. Nf3 Nc6 3. d4 cxd4 4. Nxd4 g6 5. Nc3 Bg7 6. Be3 Nf6 7. Nb3
O-O 8. Be2 d6 9. O-O Be6 10. f4 Na5 11. f5 Bc4 12. Nxa5 Bxe2 13. Qxe2 Qxa5 14.
fxg6 hxg6 15. Bd4 Qh5 16. Qxh5 Nxh5 17. Bxg7 Kxg7 18. Rad1 Rfd8 19. g4 Nf6 20.
g5 Nd7 21. Nd5 Kf8 22. Nc7 Ne5 23. Nxa8 Rxa8 24. Rf4 Rc8 25. c3 b5 26. Rdf1 a5
27. Rh4 Kg7 28. Rf2 b4 29. cxb4 axb4 30. Rh3 Rc4 31. Re2 f5 32. gxf6+ exf6 33.
a4 bxa3 34. Rxa3 Rc6 35. Ra7+ Kh6 36. Ra3 Kg5 37. b4 Rb6 38. Rh3 Kf4 39. b5
Nf3+ 40. Kg2 Nd4 41. Rf2+ Kxe4 42. Rg3 Nf5 43. Rg4+ Kd5 44. Rxf5+ gxf5 45. Rb4
Ke5 46. Kf3 d5 47. h4 d4 48. h5 f4 49. h6 d3 50. h7 d2 51. Rb1 Rb8 52. b6 Kd4
53. Kxf4 Kc3 54. Rg1 Kc2 55. Kf5 d1=Q 56. Rxd1 Kxd1 57. b7 Kd2 58. Kxf6 Ke3 59.
Ke5 Kf3 60. Kd6 Rf8 61. Kc6 Rh8 62. Kb6 Kf4 63. Ka7 1/2-1/2

[Event "Ann Arbor (MLS Jul-Aug)"]
[Site "?"]
[Date "1994.??.??"]
[Round "?"]
[White "Santiago, Reynaldo"]
[Black "McCarter, Robert"]
[Result "1-0"]
[WhiteElo "1980"]
[BlackElo "1725"]
[PlyCount "75"]
[EventDate "1994.??.??"]

1. d4 Nf6 2. c4 e6 3. Nc3 Bb4 4. a3 Bxc3+ 5. bxc3 c5 6. Qc2 Nc6 7. Nf3 Qc7 8.
e4 d6 9. h3 e5 10. Be3 Qa5 11. d5 Nd4 12. Nxd4 cxd4 13. Bd2 dxc3 14. Bxc3 Qc7
15. Bd3 b6 16. O-O O-O 17. f4 Nd7 18. f5 Ba6 19. Bb4 f6 20. Rac1 Nc5 21. Be2
Bc8 22. Kh2 Bd7 23. Qb1 Rac8 24. Rf3 Rfd8 25. g4 Be8 26. Rg1 Qe7 27. Rfg3 Rc7
28. Bd2 Rdd7 29. g5 Kh8 30. gxf6 Qxf6 31. Bg5 Qf8 32. Bg4 Rf7 33. Qc2 Rb7 34.
Qg2 Rfc7 35. Be2 Nd7 36. Be7 Qxe7 37. Rxg7 Nf6 38. Rg8+ 1-0

[Event "Ann Arbor (MLS Oct-Nov)"]
[Site "?"]
[Date "1994.??.??"]
[Round "?"]
[White "Santiago, Reynaldo"]
[Black "McCarter, Robert"]
[Result "1-0"]
[WhiteElo "1995"]
[BlackElo "1725"]
[PlyCount "67"]
[EventDate "1994.??.??"]

1. e4 c5 2. Nf3 d6 3. d4 cxd4 4. Nxd4 Nf6 5. Nc3 a6 6. Bg5 e6 7. f4 Be7 8. Qf3
Qa5 9. Bc4 Bd7 10. Bb3 Nc6 11. O-O-O Nxd4 12. Rxd4 e5 13. Rd2 Qc5 14. f5 b5 15.
Be3 Qc7 16. g4 Bc6 17. g5 b4 18. Nd5 Nxd5 19. Bxd5 Bxd5 20. Rxd5 Rc8 21. Qf2
Qc4 22. Kb1 Qxe4 23. Rhd1 O-O 24. f6 gxf6 25. gxf6 Bxf6 26. Rg1+ Bg7 27. Bh6 f5
28. Rxg7+ Kh8 29. Rxd6 Qh1+ 30. Rg1 Qe4 31. Bg7+ Kg8 32. Bf6+ Kf7 33. Rg7+ Ke8
34. Re6# 1-0

[Event "Detroit (MCO/A/4/1)"]
[Site "?"]
[Date "1994.??.??"]
[Round "?"]
[White "Santiago, Reynaldo"]
[Black "Lou, M."]
[Result "0-1"]
[WhiteElo "1995"]
[BlackElo "1990"]
[PlyCount "76"]
[EventDate "1994.??.??"]

{4/(1)} 1. e4 c6 2. d4 d5 3. Nd2 dxe4 4. Nxe4 Nf6 5. Nxf6+ gxf6 6. Nf3 Bf5 7.
Bd3 Bg6 8. Bf4 e6 9. O-O Bd6 10. Bg3 Bxg3 11. hxg3 Nd7 12. Re1 Qc7 13. c3 O-O-O
14. Bc4 e5 15. Qb3 Rhf8 16. a4 e4 17. Nd2 f5 18. a5 f4 19. Nxe4 Bxe4 20. Rxe4
fxg3 21. fxg3 Qxg3 22. Rae1 Rg8 23. R1e2 Rg6 24. R4e3 Qf4 25. Bxf7 Rh6 26. g3
Qg5 27. Be6 Qh5 28. Bxd7+ Rxd7 29. Re8+ Kc7 30. Kf2 Qh2+ 31. Ke1 Qxg3+ 32. Kd1
Rxd4+ 33. Kc2 Qd3+ 34. Kc1 Rh1+ 35. Re1 Rxe1+ 36. Rxe1 Qd2+ 37. Kb1 Qxe1+ 38.
Ka2 Rd7 0-1

[Event "Romulus (RVO/1/10)"]
[Site "?"]
[Date "1994.??.??"]
[Round "?"]
[White "Santiago, Reynaldo"]
[Black "Gibbs, Tony"]
[Result "1-0"]
[WhiteElo "1995"]
[BlackElo "1605"]
[PlyCount "33"]
[EventDate "1994.??.??"]

{1/(10)} 1. e4 e5 2. Nf3 Nc6 3. Bb5 a6 4. Bxc6 dxc6 5. O-O Bd6 6. d4 exd4 7.
Qxd4 f6 8. Re1 Bg4 9. e5 Be7 10. Qxg4 Kf7 11. exf6 Bxf6 12. Ng5+ Bxg5 13. Bxg5
Qd6 14. Nc3 Nf6 15. Bxf6 gxf6 16. Rad1 Rhg8 17. Qh5+ 1-0

[Event "Detroit (MCO/A/2a/1)"]
[Site "?"]
[Date "1994.??.??"]
[Round "?"]
[White "Santiago, Reynaldo"]
[Black "Garrison, Ray"]
[Result "1-0"]
[WhiteElo "1995"]
[BlackElo "1915"]
[PlyCount "63"]
[EventDate "1994.??.??"]

1. e4 e6 2. d4 d5 3. Nd2 Nf6 4. e5 Nfd7 5. Bd3 c5 6. c3 Nc6 7. Ne2 f6 8. exf6
Nxf6 9. Nf3 cxd4 10. cxd4 Bd6 11. O-O O-O 12. Bg5 e5 13. dxe5 Nxe5 14. Nxe5
Bxe5 15. Qd2 Qd6 16. Ng3 Ng4 17. Qc2 h6 18. Bd2 Qf6 19. Be1 Bxg3 20. hxg3 Qg5
21. Bh7+ Kh8 22. Qg6 Qe5 23. Bc3 d4 24. Rae1 Bf5 25. Qh5 Qc5 26. Bxd4 Qxd4 27.
Bxf5 Ne5 28. Rd1 Qxb2 29. Rd6 Rf6 30. Rxf6 gxf6 31. Qxh6+ Kg8 32. Be6+ 1-0

[Event "Ann Arbor (MLS Jul-Aug)"]
[Site "?"]
[Date "1994.??.??"]
[Round "?"]
[White "Santiago, Reynaldo"]
[Black "Gardner, Joe"]
[Result "0-1"]
[WhiteElo "1980"]
[BlackElo "2295"]
[PlyCount "46"]
[EventDate "1994.??.??"]

1. e4 g6 2. d4 Bg7 3. c4 d6 4. Nc3 Nf6 5. f3 O-O 6. Be3 e5 7. Nge2 Nc6 8. Qd2
a6 9. h4 b5 10. cxb5 axb5 11. Nxb5 Ba6 12. Nec3 Nh5 13. O-O-O Ng3 14. Rg1 Nxf1
15. Rdxf1 exd4 16. Nxd4 Nxd4 17. h5 Bxf1 18. Bxd4 Bxd4 19. Qxd4 Qg5+ 20. Kb1 c5
21. Qxd6 Rad8 22. Qh2 Rd1+ 23. Nxd1 Bd3+ 0-1

[Event "Ann Arbor (HVA/2/1)"]
[Site "?"]
[Date "1994.??.??"]
[Round "?"]
[White "Santiago, Reynaldo"]
[Black "Bemben, R."]
[Result "1-0"]
[WhiteElo "1995"]
[BlackElo "1830"]
[PlyCount "93"]
[EventDate "1994.??.??"]

{2/(1)} 1. e4 c5 2. Nf3 d6 3. d4 cxd4 4. Nxd4 Nf6 5. Nc3 a6 6. Bg5 e6 7. f4 Qb6
8. Nb3 Qe3+ 9. Qe2 Qxe2+ 10. Bxe2 Nc6 11. O-O-O b5 12. Bf3 Nd7 13. Rhe1 Nb6 14.
Nd5 Rb8 15. Re2 f6 16. Nxf6+ gxf6 17. Bxf6 Rg8 18. Bh5+ Kd7 19. Bf7 Rg6 20.
Bxg6 hxg6 21. g4 Kc7 22. h4 Bd7 23. Rh2 Be7 24. Bxe7 Nxe7 25. h5 gxh5 26. Rxh5
Rf8 27. f5 exf5 28. exf5 Nc4 29. Nd4 Ne5 30. Rh7 N5c6 31. Nxc6 Nxc6 32. Rh6
Bxf5 33. gxf5 Rxf5 34. Rhxd6 Rc5 35. a3 b4 36. axb4 Nxb4 37. c3 a5 38. Kb1 Nc6
39. Rd7+ Kb6 40. R1d6 a4 41. Ka2 Rb5 42. Rg7 Rc5 43. Ka3 Rc4 44. Rgg6 Kb5 45.
Rxc6 Rxc6 46. Rxc6 Kxc6 47. Kxa4 1-0

[Event "Detroit (Class DE/3/7)"]
[Site "?"]
[Date "1994.??.??"]
[Round "?"]
[White "Sansone, W."]
[Black "Roberts, Andy"]
[Result "1-0"]
[WhiteElo "1605"]
[BlackElo "1605"]
[PlyCount "67"]
[EventDate "1994.??.??"]

{3/(7)} 1. d4 d5 2. c4 dxc4 3. Nf3 Nf6 4. Nc3 Bf5 5. e3 e6 6. Bxc4 Nc6 7. O-O
Bd6 8. Re1 Bg4 9. a3 a6 10. b4 h6 11. Bb2 Bh5 12. Rc1 Ng4 13. Be2 Nf6 14. d5
exd5 15. Nxd5 Bxf3 16. Nxf6+ gxf6 17. Bxf3 Qe7 18. Bxc6+ bxc6 19. Rxc6 O-O-O
20. Qc2 Rhg8 21. Rxa6 Qd7 22. Ra8+ Kb7 23. Rxd8 Qxd8 24. Rc1 Qd7 25. Bxf6 Qh3
26. Qe4+ Kb8 27. g3 Rg6 28. Bd4 Re6 29. Qd3 Qh5 30. Bc5 Bxc5 31. Rxc5 Qg6 32.
Qd8+ Kb7 33. Qxc7+ Ka6 34. Ra5# 1-0

[Event "Gaylord (NMO/2/13)"]
[Site "?"]
[Date "1994.??.??"]
[Round "?"]
[White "Sansone, W."]
[Black "O'Dell, Ray"]
[Result "1-0"]
[WhiteElo "1605"]
[BlackElo "1605"]
[PlyCount "31"]
[EventDate "1994.??.??"]

{2/(13)} 1. d4 g6 2. c4 Bg7 3. Nc3 e6 4. e4 Nc6 5. Nf3 Nge7 6. Be2 a6 7. O-O
Na7 8. a3 c6 9. b4 b6 10. Be3 Bb7 11. Qd2 Qc7 12. Rac1 Nac8 13. Rfd1 O-O 14.
Bh6 Bxh6 15. Qxh6 d6 16. Ng5 1-0

[Event "Gaylord (NMO/5/8)"]
[Site "?"]
[Date "1994.??.??"]
[Round "?"]
[White "Sansone, W."]
[Black "Garrison, Ray"]
[Result "0-1"]
[WhiteElo "1605"]
[BlackElo "1915"]
[PlyCount "68"]
[EventDate "1994.??.??"]

{5/(8)} 1. d4 Nf6 2. c4 c5 3. Nf3 g6 4. Nc3 cxd4 5. Nxd4 Bg7 6. e3 O-O 7. Be2
Nc6 8. O-O e5 9. Nxc6 bxc6 10. b3 Ne8 11. Ba3 d6 12. Ne4 c5 13. Bxc5 Bb7 14.
Nxd6 Nxd6 15. Bxd6 Qg5 16. g3 Rfd8 17. c5 Qf5 18. Rc1 Qe4 19. f3 Qxe3+ 20. Rf2
Rac8 21. b4 e4 22. f4 Bd4 23. Qe1 Rxd6 24. Bg4 Qxe1+ 25. Rxe1 Bxf2+ 26. Kxf2
Rd2+ 27. Re2 Rcd8 28. b5 f5 29. c6 fxg4 30. cxb7 Rxe2+ 31. Kxe2 Rb8 32. a4 Rxb7
33. Ke3 a6 34. Kxe4 axb5 0-1

[Event "Detroit (Class DE/2/8)"]
[Site "?"]
[Date "1994.??.??"]
[Round "?"]
[White "Sansone, W."]
[Black "Gaiefsky, S."]
[Result "1/2-1/2"]
[WhiteElo "1605"]
[BlackElo "1605"]
[PlyCount "134"]
[EventDate "1994.??.??"]

{2/(8)} 1. d4 g6 2. c4 Bg7 3. Nc3 Nf6 4. e4 d6 5. f3 O-O 6. Be3 Nc6 7. Nge2 e5
8. d5 Ne7 9. Nc1 c6 10. Be2 cxd5 11. cxd5 Bd7 12. O-O a6 13. Nd3 Nh5 14. Qd2
Qa5 15. a3 Nf4 16. b4 Nxe2+ 17. Nxe2 Qd8 18. Rac1 f5 19. Bh6 f4 20. Bxg7 Kxg7
21. Rc3 Bb5 22. Kh1 Rf7 23. Nb2 Rc8 24. Rxc8 Nxc8 25. Rc1 Nb6 26. Nc3 Rc7 27.
Nxb5 Rxc1+ 28. Qxc1 axb5 29. h3 g5 30. Qc2 h6 31. Kh2 h5 32. g4 fxg3+ 33. Kxg3
h4+ 34. Kh2 Kg6 35. Qc1 Nc4 36. Nxc4 bxc4 37. Qxc4 Qb6 38. Qe2 Qd4 39. Kg2 Qc3
40. b5 Qxa3 41. Kf2 Qc5+ 42. Kf1 Qc1+ 43. Qe1 Qf4 44. Qf2 Qc1+ 45. Qe1 Qb2 46.
Qe2 Qb1+ 47. Qe1 Qxb5+ 48. Kf2 Qc5+ 49. Ke2 Kf6 50. Kd3 Qd4+ 51. Kc2 Qa4+ 52.
Kb2 b5 53. Qd2 Ke7 54. Qxg5+ Kd7 55. Qg7+ Kc8 56. Qf8+ Kb7 57. Qxd6 Qd4+ 58.
Kb3 Qd3+ 59. Kb4 Qc4+ 60. Ka3 Qd3+ 61. Kb4 Qb1+ 62. Kc3 Qe1+ 63. Kb3 Qe3+ 64.
Kb4 Qd4+ 65. Kb3 Qc4+ 66. Ka3 Qd3+ 67. Kb4 Qc4+ 1/2-1/2

[Event "Detroit (Class DE/5/2)"]
[Site "?"]
[Date "1994.??.??"]
[Round "?"]
[White "Sansone, W."]
[Black "Barker, Scott"]
[Result "1-0"]
[WhiteElo "1605"]
[BlackElo "1605"]
[PlyCount "119"]
[EventDate "1994.??.??"]

{5/(2)} 1. d4 d5 2. c4 c6 3. Nc3 Qd6 4. Nf3 h6 5. e3 Bg4 6. Be2 Bxf3 7. Bxf3 e6
8. c5 Qc7 9. O-O Nf6 10. Bd2 Nbd7 11. b4 b5 12. a4 Qb7 13. axb5 cxb5 14. Be2 a6
15. Qc2 Nb8 16. Qb3 Be7 17. Bd3 Nc6 18. f3 O-O 19. Ne2 Rfd8 20. Bc3 Qc7 21. Ng3
Ra7 22. Ra2 Rda8 23. Rfa1 a5 24. Bxb5 Nxb4 25. Bxb4 axb4 26. Rxa7 Rxa7 27. Rxa7
Qxa7 28. Qxb4 Qa1+ 29. Nf1 e5 30. Kf2 exd4 31. Qxd4 Qxd4 32. exd4 Bd8 33. Nd2
Nh7 34. Nb3 Nf8 35. Bc6 g5 36. g3 f5 37. Bxd5+ Kg7 38. c6 Bb6 39. Ke3 Ng6 40.
Kd3 Ne7 41. Kc4 h5 42. Nc5 g4 43. Ne6+ Kf6 44. f4 Kf7 45. Nc7+ Kf8 46. Nb5 Ke8
47. Bg2 Kd8 48. d5 Kc8 49. d6 Ng6 50. Kd5 h4 51. Ke6 h3 52. Bd5 Nxf4+ 53. gxf4
g3 54. hxg3 h2 55. Kxf5 Kd8 56. Kf6 Bc5 57. f5 Bb4 58. g4 Bxd6 59. Nxd6 h1=Q
60. Bxh1 1-0

[Event "Detroit (MOR/1a/7)"]
[Site "?"]
[Date "1994.??.??"]
[Round "?"]
[White "Salami, Samer"]
[Black "Nicolli, Randy"]
[Result "0-1"]
[WhiteElo "1605"]
[BlackElo "1750"]
[PlyCount "72"]
[EventDate "1994.??.??"]

1. e4 e5 2. f4 exf4 3. Nf3 g5 4. d4 g4 5. Bxf4 gxf3 6. Qxf3 d6 7. Bc4 Qe7 8.
O-O Nc6 9. Be3 Bd7 10. Nc3 O-O-O 11. a4 Bg7 12. d5 Ne5 13. Qe2 Bg4 14. Qf2 Nxc4
15. Bxa7 Nh6 16. a5 Rhf8 17. a6 bxa6 18. Rxa6 Kd7 19. Qh4 f5 20. Qe1 fxe4 21.
Rxf8 Rxf8 22. Qxe4 Qxe4 23. Nxe4 Nb6 24. Bxb6 Be2 25. Ra1 Bxb2 26. Re1 cxb6 27.
h3 Bd4+ 28. Kh2 Bc4 29. Nxd6 Kxd6 30. Re6+ Kxd5 31. Rxh6 Be5+ 32. g3 Rf2+ 33.
Kg1 Bd4 34. Rh5+ Kc6 35. Rh6+ Kb5 36. c3 Rf6+ 0-1

[Event "Detroit (Class C/1/22)"]
[Site "?"]
[Date "1994.??.??"]
[Round "?"]
[White "Salami, Samer"]
[Black "Motley, Gerald"]
[Result "0-1"]
[WhiteElo "1605"]
[BlackElo "1605"]
[PlyCount "44"]
[EventDate "1994.??.??"]

{1/(22)} 1. e4 e5 2. Nf3 Nc6 3. Nc3 Bc5 4. Bb5 Nd4 5. Nxe5 Nxb5 6. Nxb5 d6 7.
Nf3 a6 8. Nc3 Bg4 9. O-O h5 10. Re1 Bd4 11. a3 Bb6 12. e5 Be6 13. d4 d5 14. Ng5
Qd7 15. Nxe6 fxe6 16. Be3 O-O-O 17. Qd2 Nh6 18. b4 Nf5 19. a4 c6 20. Rab1 Qc7
21. b5 g5 22. Bxg5 Rdg8 {[Remainder illegible; 0-1, 33?]} 0-1

[Event "Detroit (WCO/2/10)"]
[Site "?"]
[Date "1994.??.??"]
[Round "?"]
[White "Salami, Samer"]
[Black "Khraizat, Ali"]
[Result "0-1"]
[WhiteElo "1605"]
[BlackElo "1605"]
[PlyCount "38"]
[EventDate "1994.??.??"]

{2/(10)} 1. e4 e6 2. d4 d5 3. exd5 exd5 4. Bd3 Nf6 5. Nf3 Be7 6. Bg5 O-O 7. Nc3
Bg4 8. O-O Nc6 9. Be2 Ne4 10. Bxe7 Qxe7 11. Nxd5 Qd6 12. Ne3 Nf6 13. c3 Rfe8
14. Re1 Qf4 15. Nxg4 Nxg4 16. g3 Qf6 17. Qd3 Re7 18. Nh4 Qxf2+ 19. Kh1 Qxh2#
0-1

[Event "Detroit (MOR/3/26)"]
[Site "?"]
[Date "1994.??.??"]
[Round "?"]
[White "Salami, Samer"]
[Black "Jointer, William"]
[Result "0-1"]
[WhiteElo "1605"]
[BlackElo "1740"]
[PlyCount "36"]
[EventDate "1994.??.??"]

{3/(26)} 1. e4 g6 2. d4 Bg7 3. Nf3 d6 4. Bc4 Nf6 5. Nc3 O-O 6. Be3 c6 7. Qd2 b5
8. Bd3 b4 9. Ne2 a5 10. c3 Ng4 11. cxb4 Nxe3 12. fxe3 axb4 13. Qxb4 Na6 14.
Bxa6 Bxa6 15. Qd2 Qb6 16. O-O Rfb8 17. b3 c5 18. Rfd1 c4 {[Remainder illegible;
0-1, 43?]} 0-1

[Event "Detroit (WCO/4/11)"]
[Site "?"]
[Date "1994.??.??"]
[Round "?"]
[White "Salami, Samer"]
[Black "Hill, B."]
[Result "1/2-1/2"]
[WhiteElo "1605"]
[BlackElo "1605"]
[PlyCount "90"]
[EventDate "1994.??.??"]

{4/(11)} 1. e4 c5 2. Nf3 Nc6 3. d4 cxd4 4. Nxd4 Nf6 5. Nc3 d6 6. Bb5 Bd7 7. Bc4
g6 8. Be3 Bg7 9. f4 O-O 10. O-O Rc8 11. Nxc6 Bxc6 12. e5 dxe5 13. fxe5 Qxd1 14.
Raxd1 Ne4 15. Nxe4 Bxe4 16. Bd3 Bxd3 17. cxd3 Bxe5 18. d4 Bg7 19. Rf2 e6 20. d5
exd5 21. Rxd5 Rcd8 22. Rb5 b6 23. b4 h5 24. h3 Rfe8 25. Rf3 Bd4 26. Bxd4 Rxd4
27. Rg3 h4 28. Ra3 Re2 29. Kf1 Rdd2 30. Rxa7 Rxg2 31. Rxb6 Rh2 32. Kg1 Rxh3 33.
Rf6 Rc3 34. Raxf7 Rc1+ 35. Rf1 Rxf1+ 36. Rxf1 Rxa2 37. Rf4 g5 38. Rg4 Ra1+ 39.
Kg2 Ra2+ 40. Kf3 Ra3+ 41. Ke4 Rg3 42. Rxg3 hxg3 43. Kf3 g2 44. Kxg2 Kf7 45. Kg3
Ke6 1/2-1/2

[Event "Detroit (MOR/7/32)"]
[Site "?"]
[Date "1994.??.??"]
[Round "?"]
[White "Salami, Samer"]
[Black "Carpenter, O."]
[Result "1-0"]
[WhiteElo "1605"]
[BlackElo "1605"]
[PlyCount "75"]
[EventDate "1994.??.??"]

{7/(32)} 1. e4 c6 2. f4 d5 3. exd5 Qxd5 4. d3 Nf6 5. Nc3 Qd8 6. Be2 g6 7. Nf3
Qb6 8. d4 Nbd7 9. O-O Bg7 10. Bc4 O-O 11. Bb3 e6 12. Be3 Ng4 13. Qe2 Nxe3 14.
Qxe3 Nf6 15. Rad1 Ng4 16. Qd2 Bd7 17. h3 Nf6 18. Ne5 Qd8 19. Rf3 Nd5 20. Nxd5
cxd5 21. Qf2 Bb5 22. h4 f6 23. Nd3 Bxd3 24. Rdxd3 h5 25. Rfe3 e5 26. Qg3 e4 27.
Rxe4 Kh7 28. Ree3 Qd7 29. Qf3 Rae8 30. Bxd5 Rxe3 31. Rxe3 Re8 32. Rxe8 Qxe8 33.
Be4 f5 34. Bxb7 Bxd4+ 35. Kf1 Bxb2 36. Qb3 Bg7 37. a4 Qe4 38. Bxe4 1-0

[Event "Grand Rapids (MI Am/1/3)"]
[Site "?"]
[Date "1994.??.??"]
[Round "?"]
[White "Rydberg, S."]
[Black "Spencer, Gordon"]
[Result "1-0"]
[WhiteElo "1920"]
[BlackElo "1605"]
[PlyCount "105"]
[EventDate "1994.??.??"]

{1/(3)} 1. e4 c5 2. Nf3 e6 3. d4 cxd4 4. Nxd4 d6 5. Nc3 Nf6 6. Be2 Be7 7. O-O
O-O 8. Be3 a6 9. a4 Bd7 10. a5 e5 11. Nb3 Qc8 12. Na4 Bxa4 13. Rxa4 Qc6 14. Rc4
Qd7 15. Qd3 Nc6 16. Rd1 Qe6 17. Bb6 Nd7 18. Bc7 Nc5 19. Nxc5 dxc5 20. c3 Rac8
21. Qd7 Qxd7 22. Rxd7 Rfe8 23. Ra4 h6 24. Bb6 Nd8 25. Ra1 Kh7 26. Bc4 Kg8 27.
Bd5 Nc6 28. Rxb7 Nb8 29. Rc7 Rxc7 30. Bxc7 Bf8 31. Rd1 Rc8 32. Bxe5 Nc6 33. Bg3
g5 34. Bxc6 Rxc6 35. Kf1 c4 36. Ke2 Kg7 37. Rd5 Kg6 38. Kd2 h5 39. f3 Bc5 40.
Be5 f6 41. Bd4 Bd6 42. h3 h4 43. Kc2 Kf7 44. b4 cxb3+ 45. Kxb3 Ke6 46. c4 Ke7
47. Bb6 Ke6 48. c5 Be7 49. Kc4 Kf7 50. Rd7 Ke6 51. Ra7 Bf8 52. Rxa6 Bxc5 53.
Kb5 1-0